Dinosaures - Culture générale - Statistiques

Statistiques générales
  • Ce quiz a été pris 14 093 fois
    13 696 depuis la dernière actualisation
  • Le résultat moyen est 14 sur 24
Statistiques - réponses
Questions Réponses % Correct
Périodes géologiques au cours desquelles vécurent les dinosaures Jurassique
79%
Dinosaure qui tient son nom des racines grecques des mots "trois", "cornes" et "visage" Triceratops
79%
Périodes géologiques au cours desquelles vécurent les dinosaures Crétacé
76%
Discipline scientifique qui porte sur l'étude des fossiles et notamment ceux des dinosaures {Paléon}tologie
75%
De quoi le corps de ces dinosaures était-il recouvert en réalité (mais pas dans les films) ? De plumes
72%
Espèce carnivore à laquelle appartiennent "Sue" et "Stan", dont les squelettes sont les plus chers jamais vendus au monde {Tyrannosaurus} {Rex}
72%
Monstre aux allures de dinosaure, qui détruisit Tokyo dans un film de 1954 Godzilla
71%
Genre de petits dinosaures carnivores bipèdes, rendu célèbre par le film Jurassic Park Velociraptor
71%
Supercontinent qui regroupait la quasi totalité des terres du globe, il y a 200 millions d'années Pangée
70%
Pays dans lequel le plus grand nombre d'espèces différentes de dinosaures ont été découvertes à ce jour États-Unis
67%
Ère géologique regroupant ces 3 périodes {Méso}zoïque
66%
Dinosaure vert présent dans l'univers de Super Mario Yoshi
65%
Dinosaure herbivore reconnaissable par ses deux rangées de plaques dorsales {Stég}osaure
60%
Les dinosaures préhistoriques se sont éteints il y a... {66} millions d'années
56%
Si on parle de dinosaures préhistoriques, c'est que certains vivent encore de nos jours. Comment les appelle-t-on ? Oiseaux
55%
Dinosaure qui tient son nom de la forme de ses dents, semblables à celles d'un iguane Iguanodon
51%
Dinosaure orange à pois jaunes et rouges, vivant sur l'Île aux enfants Casimir
49%
Créatures souvent considérées à tort comme des "dinosaures volants", mais qui n'appartiennent pas à l'ordre des dinosaures {Ptér}osaures
47%
Périodes géologiques au cours desquelles vécurent les dinosaures Trias
45%
Dinosaure californien, amateur de guitare et de skateboard Denver
40%
Dinosaure herbivore, possédant une armure en plaques osseuses et une queue massueet dont le nom signifie « lézard rigide » {Ankyl}osaure
38%
Péninsule où se trouve le cratère de Chicxulub, marquant l'impact d'un astéroïde qui serait, selon certaines théories, à l'origine de l'extinction de la plupart des dinosaures Péninsule du Yucatán
30%
Dinosaure, considéré par certains comme le plus grand des théropodes, reconnaissable par ses épines neurales hypertrophiées {Spin}osaure
28%
Groupe de quadrupèdes herbivores gigantesques, auquel appartiennent le Brachiosaureet le Diplodocus {Saur}opodes
27%
Aucun quiz correspondant
Distribution des résultats
% des personnes avec chaque résultat
Percentile par nombre de réponses
Votre historique - résultats
Vous n’avez pas pris ce quiz depuis la dernière actualisation